Injustice : gods among us año dos / (Registro nro. 4466)
[ vista simple ]
| 000 -LEADER | |
|---|---|
| fixed length control field | 00740nam a2200217Ia 4500 |
| 008 - FIXED-LENGTH DATA ELEMENTS--GENERAL INFORMATION | |
| fixed length control field | 191128s9999 xx 000 0 und d |
| 020 ## - INTERNATIONAL STANDARD BOOK NUMBER | |
| International Standard Book Number | 9788416374441 |
| 082 ## - DEWEY DECIMAL CLASSIFICATION NUMBER | |
| Classification number | H |
| 082 ## - DEWEY DECIMAL CLASSIFICATION NUMBER | |
| Item number | TAYi |
| 100 ## - MAIN ENTRY--PERSONAL NAME | |
| Personal name | Taylor, Tom, autor |
| 245 #0 - TITLE STATEMENT | |
| Title | Injustice : gods among us año dos / |
| 245 #0 - TITLE STATEMENT | |
| Statement of responsibility, etc. | Tam Taylor, Mike S. Miller, Bruno Redondo |
| 260 ## - PUBLICATION, DISTRIBUTION, ETC. | |
| Place of publication, distribution, etc. | Barcelona |
| 260 ## - PUBLICATION, DISTRIBUTION, ETC. | |
| Name of publisher, distributor, etc. | Ecc |
| 260 ## - PUBLICATION, DISTRIBUTION, ETC. | |
| Date of publication, distribution, etc. | 2015 |
| 300 ## - PHYSICAL DESCRIPTION | |
| Extent | 24 páginas |
| 300 ## - PHYSICAL DESCRIPTION | |
| Other physical details | ilustraciones a color |
| 300 ## - PHYSICAL DESCRIPTION | |
| Dimensions | 26 cm |
| 546 ## - LANGUAGE NOTE | |
| Language note | spa |
| 650 ## - SUBJECT ADDED ENTRY--TOPICAL TERM | |
| Topical term or geographic name entry element | Tiras cómicas, historietas, etc. ; Administración de justicia -- Tiras cómicas, historietas, etc. ; Justicia -- Tiras cómicas, historietas, etc. ; Historias de aventuras -- Tiras cómicas, historietas, etc.-- |
| Withdrawn status | Lost status | Materials specified (bound volume or other part) | Damaged status | Not for loan | Collection code | Home library | Current library | Date acquired | Total Checkouts | Full call number | Barcode | Date last seen | Date last checked out | Copy number | Price effective from | Koha item type |
|---|---|---|---|---|---|---|---|---|---|---|---|---|---|---|---|---|
| Donación -- 10/12/2018 -- | Biblioteca Pública José María del Castillo y Rada | Biblioteca Pública José María del Castillo y Rada | 11/28/2019 | 5 | H TAYi | 201809335 | 10/30/2023 | 10/30/2023 | Ej.1 | 11/28/2019 | Books |